| 000 | 01165nam a22003257a 4500 | ||
|---|---|---|---|
| 003 | CHAP | ||
| 005 | 20220329143859.0 | ||
| 008 | 120518s2009 mx a r 00010 spa d | ||
| 010 | _a103175 | ||
| 011 | _a104147 | ||
| 035 | _a114836 | ||
| 040 | _cCHAP | ||
| 090 | _aTesis | ||
| 100 | 1 |
_aNieto Serrano Oscar Eduardo _981285 |
|
| 245 | 1 | 0 |
_aUso de la somatotropina bovina recombinante en la sincronización de estros y fertilidad en vacas holtein friesian _c/por Oscar Eduardo Nieto Serrano |
| 260 |
_aCocula, Gro. : _bEl autor, _c2009 |
||
| 300 |
_a36 h. : _bil. |
||
| 502 | _aTesis (Ing.Agr. Zootecnista) -- CSAEGRO. Centro de Estudios Profesionales | ||
| 590 |
_aALEPH _b10 _c20130110 _lUCH01 _h1544 |
||
| 590 |
_aBATCH-UPD _b10 _c20130110 _lUCH01 _h1726 |
||
| 590 |
_aBATCH-UPD _b10 _c20130410 _lUCH01 _h1109 |
||
| 590 |
_aBATCH-UPD _b10 _c20130914 _lUCH01 _h0932 |
||
| 590 |
_aCONVERSION _b10 _c20130109 _lUCH01 _h1357 |
||
| 650 | 0 | 4 |
_aCiclo estrual. _923072 |
| 650 | 0 | 4 |
_aGanado vacuno _xReproducción. _945510 |
| 650 | 0 | 4 |
_aSomatotropina. _9108535 |
| 901 | _aBK | ||
| 942 | _cTESIS | ||
| 949 |
_aTesis _bBC _cTES _d33724002333743 _eTS1 _gDonaciØn _h53395 _i114836 _sb |
||
| 999 |
_c103175 _d103175 |
||